Guardians 40 Man Roster - Statistics

General Stats
  • This quiz has been taken 9 times
  • The average score is 19 of 40
Answer Stats
Position Name % Correct
Pitcher Shane Bieber
100%
Jose Ramirez
75%
Aaron Civale
50%
Amed Rosario
50%
Andres Gimenez
50%
Bo Naylor
50%
Brayan Rocchio
50%
Catchers Bryan Lavastida
50%
Cal Quantrill
50%
Eli Morgan
50%
Emmanuel Clase
50%
George Valera
50%
Hunter Gaddis
50%
James Karinchak
50%
Jhonkensy Noel
50%
Joey Cantillo
50%
Jose Tena
50%
Josh Bell
50%
Josh Naylor
50%
Konnor Pilkington
50%
Mike Zunino
50%
Myles Straw
50%
Nick Sandlin
50%
Oscar Gonzalez
50%
Sam Hentges
50%
Steven Kwan
50%
Trevor Stephan
50%
Triston McKenzie
50%
Outfielders Will Brennan
50%
Xzavion Curry
50%
Zach Plesac
50%
Angel Martinez
25%
Cody Morris
25%
Enyel De Los Santos
25%
Infielders Gabriel Arias
25%
Jason Bilous
25%
Juan Brito
25%
Richie Palacios
25%
Tim Herrin
25%
Tyler Freeman
25%
No matching quizzes found
Score Distribution
Percent of People with Each Score
Percentile by Number Answered
Your Score History
You have not taken this quiz